[Event "Nakamura-Wirig m"]
[Site "Playchess.com INT"]
[Date "2005.06.10"]
[Round "?"]
[White "Nakamura, Hikaru"]
[Black "Wirig, Anthony"]
[Result "1-0"]
[WhiteElo "2657"]
[BlackElo "2409"]
[PlyCount "61"]
[EventDate "2005.06.10"]
[EventType "match (blitz)"]
[EventRounds "11"]
[EventCountry "GER"]
[SourceTitle "EXT 2008"]
[Source "ChessBase"]
[SourceDate "2007.11.25"]
[SourceVersion "1"]
[SourceVersionDate "2007.11.25"]
[SourceQuality "1"]

1. e4 c5 2. Nf3 Nc6 3. d4 cxd4 4. Nxd4 g6 5. Nc3 Bg7 6. Be3 Nf6 7. Bc4 O-O 8.
Bb3 Na5 9. O-O Nxb3 10. axb3 d6 11. Bg5 a6 12. f4 Ng4 13. Nd5 f6 14. Bh4 e6 15.
Qxg4 exd5 16. Qf3 dxe4 17. Qxe4 d5 18. Qd3 Qd6 19. f5 g5 20. Bg3 Qc5 21. c3 Bd7
22. b4 Qb6 23. Rfe1 Rfe8 24. Kh1 Rxe1+ 25. Rxe1 Re8 26. Ne6 Qb5 27. Qd4 Kf7 28.
h4 h6 29. Qg4 Bxe6 30. fxe6+ Ke7 31. Qh5 1-0

[Event "Nakamura-Wirig m"]
[Site "Playchess.com INT"]
[Date "2005.06.10"]
[Round "?"]
[White "Nakamura, Hikaru"]
[Black "Wirig, Anthony"]
[Result "1-0"]
[WhiteElo "2657"]
[BlackElo "2409"]
[PlyCount "39"]
[EventDate "2005.06.10"]
[EventType "match (blitz)"]
[EventRounds "11"]
[EventCountry "GER"]
[SourceTitle "EXT 2008"]
[Source "ChessBase"]
[SourceDate "2007.11.25"]
[SourceVersion "1"]
[SourceVersionDate "2007.11.25"]
[SourceQuality "1"]

1. e4 d5 2. exd5 Qxd5 3. Nc3 Qe5+ 4. Be2 c6 5. Nf3 Qc7 6. d4 Nf6 7. O-O Bf5 8.
Nh4 g6 9. d5 cxd5 10. Nxf5 gxf5 11. Nxd5 Nxd5 12. Qxd5 e6 13. Qd4 Rg8 14. Bf4
Qd7 15. Qc3 Nc6 16. Rad1 Qe7 17. Bb5 Qc5 18. Qd2 Be7 19. Qd7+ Kf8 20. Bh6+ 1-0

[Event "Nakamura-Wirig m"]
[Site "Playchess.com INT"]
[Date "2005.06.10"]
[Round "?"]
[White "Nakamura, Hikaru"]
[Black "Wirig, Anthony"]
[Result "1-0"]
[WhiteElo "2657"]
[BlackElo "2409"]
[PlyCount "101"]
[EventDate "2005.06.10"]
[EventType "match (blitz)"]
[EventRounds "11"]
[EventCountry "GER"]
[SourceTitle "EXT 2008"]
[Source "ChessBase"]
[SourceDate "2007.11.25"]
[SourceVersion "1"]
[SourceVersionDate "2007.11.25"]
[SourceQuality "1"]

1. e4 c5 2. Qh5 e6 3. f4 Nc6 4. c3 Nf6 5. Qf3 d5 6. d3 b6 7. g4 Ba6 8. g5 dxe4
9. dxe4 Bxf1 10. Kxf1 Nd7 11. e5 Rc8 12. Be3 c4 13. Nd2 Nc5 14. Bxc5 Bxc5 15.
Ne4 O-O 16. Rd1 Qe7 17. Nf6+ Kh8 18. Rd7 gxf6 19. Rxe7 Nxe7 20. gxf6 Nf5 21.
Nh3 Rcd8 22. Ng5 h6 23. Qh5 Rd2 24. Nxf7+ Kh7 25. Ng5+ Kh8 26. Qg6 hxg5 27.
Qh5+ Kg8 28. Qxg5+ Kf7 29. Qh5+ Kg8 30. Qg6+ Kh8 31. f7 Rd1+ 32. Ke2 Rxh1 33.
Qxe6 Rxh2+ 34. Kf3 Ng7 35. Qg6 Rh5 36. Ke4 Be7 37. f5 Rh4+ 38. Kd5 Rd8+ 39. Kc6
Nxf5 40. Qxf5 Rh6+ 41. Kc7 Rf8 42. Kd7 Bc5 43. e6 Kg7 44. Qe5+ Rf6 45. Qg5+ Rg6
46. Qf4 Rf6 47. Qe5 Kg6 48. Qe4+ Kg7 49. Qxc4 Kg6 50. Qg4+ Kh7 51. b4 {Temps '}
1-0

[Event "Nakamura-Wirig m"]
[Site "Playchess.com INT"]
[Date "2005.06.10"]
[Round "?"]
[White "Nakamura, Hikaru"]
[Black "Wirig, Anthony"]
[Result "1/2-1/2"]
[WhiteElo "2657"]
[BlackElo "2409"]
[PlyCount "121"]
[EventDate "2005.06.10"]
[EventType "match (blitz)"]
[EventRounds "11"]
[EventCountry "GER"]
[SourceTitle "EXT 2008"]
[Source "ChessBase"]
[SourceDate "2007.11.25"]
[SourceVersion "1"]
[SourceVersionDate "2007.11.25"]
[SourceQuality "1"]

1. e4 c5 2. Qh5 e6 3. f4 Nf6 4. Qf3 d5 5. d3 Nc6 6. c3 b6 7. g4 Ba6 8. g5 dxe4
9. dxe4 Bxf1 10. Kxf1 Nd7 11. e5 Rc8 12. Qe4 c4 13. Be3 Nc5 14. Bxc5 Qd1+ 15.
Qe1 Qxe1+ 16. Kxe1 Bxc5 17. Nd2 b5 18. Ne4 Be7 19. Nf3 O-O 20. h4 Rfd8 21. Ke2
Rd5 22. Rhd1 Rcd8 23. Rxd5 exd5 24. Ng3 d4 25. cxd4 Nxd4+ 26. Nxd4 Rxd4 27. Nf5
Rd7 28. Rd1 Rxd1 29. Kxd1 Bc5 30. Ke2 Kf8 31. Ng3 a6 32. Ne4 Bd4 33. b3 cxb3
34. axb3 a5 35. Kd3 Bg1 36. h5 a4 37. bxa4 bxa4 38. f5 a3 39. Nc3 Bh2 40. Ke4
Bg3 41. Na2 Be1 42. g6 hxg6 43. fxg6 fxg6 44. hxg6 Ke7 45. Kd5 Bd2 46. e6 Ba5
47. Nc1 Be1 48. Ke5 Bd2 49. Na2 Be1 50. Nc1 Bc3+ 51. Kd5 Bb2 52. Na2 Bf6 53.
Nb4 Bc3 54. Na2 Bd2 55. Ke5 Ba5 56. Kd5 Bc7 57. Nb4 Ke8 58. Na2 Ba5 59. Kd6 Bd2
60. Kd5 Ke7 61. Ke5 1/2-1/2

[Event "Nakamura-Wirig m"]
[Site "Playchess.com INT"]
[Date "2005.06.10"]
[Round "?"]
[White "Nakamura, Hikaru"]
[Black "Wirig, Anthony"]
[Result "0-1"]
[WhiteElo "2657"]
[BlackElo "2409"]
[PlyCount "98"]
[EventDate "2005.06.10"]
[EventType "match (blitz)"]
[EventRounds "11"]
[EventCountry "GER"]
[SourceTitle "EXT 2008"]
[Source "ChessBase"]
[SourceDate "2007.11.25"]
[SourceVersion "1"]
[SourceVersionDate "2007.11.25"]
[SourceQuality "1"]

1. e4 c5 2. Nf3 g6 3. d4 cxd4 4. Qxd4 Nf6 5. e5 Nc6 6. Qc4 d5 7. exd6 Qxd6 8.
Nc3 Be6 9. Nb5 Qd8 10. Qh4 a6 11. Nbd4 Nxd4 12. Nxd4 Bd5 13. Bg5 Bg7 14. Bd3
O-O 15. O-O Qb6 16. Nb3 Qc6 17. Rfe1 Rfe8 18. c4 Bxg2 19. Nd4 Qd7 20. Kxg2 Rad8
21. Be3 e5 22. Rad1 exd4 23. Bg5 Rxe1 24. Rxe1 Qc6+ 25. Kg1 Re8 26. Rxe8+ Nxe8
27. b3 Nd6 28. Bf4 Qd7 29. c5 Nf5 30. Qh3 Qd5 31. b4 Qxa2 32. Bxf5 gxf5 33.
Qxf5 Qe6 34. Qd3 Qg6+ 35. Qg3 f5 36. Kf1 Qxg3 37. hxg3 Kf7 38. Ke2 Ke6 39. Kd3
Kd5 40. Bd6 Bf6 41. Bf8 h5 42. f3 h4 43. gxh4 Bxh4 44. c6 bxc6 45. Bc5 Be1 46.
Bf8 Bc3 47. Bc5 Be1 48. Bf8 a5 49. bxa5 Bxa5 0-1

[Event "Nakamura-Wirig m"]
[Site "Playchess.com INT"]
[Date "2005.06.10"]
[Round "?"]
[White "Nakamura, Hikaru"]
[Black "Wirig, Anthony"]
[Result "0-1"]
[WhiteElo "2657"]
[BlackElo "2409"]
[PlyCount "70"]
[EventDate "2005.06.10"]
[EventType "match (blitz)"]
[EventRounds "11"]
[EventCountry "GER"]
[SourceTitle "EXT 2008"]
[Source "ChessBase"]
[SourceDate "2007.11.25"]
[SourceVersion "1"]
[SourceVersionDate "2007.11.25"]
[SourceQuality "1"]

1. e4 c5 2. Nf3 e6 3. d4 cxd4 4. Nxd4 a6 5. Bd3 Nc6 6. Nb3 Nf6 7. Nc3 Bb4 8. f4
d5 9. e5 d4 10. a3 dxc3 11. axb4 cxb2 12. Bxb2 Nd5 13. Qg4 g6 14. Nc5 Ncxb4 15.
Ne4 h5 16. Qg3 h4 17. Qg4 h3 18. Nd6+ Kf8 19. g3 Nxd3+ 20. cxd3 Ne3 21. Qe2
Ng2+ 22. Kf2 Bd7 23. Bd4 Bc6 24. Rhc1 Kg7 25. Rab1 Bd5 26. Bb6 Qg8 27. Rc7 Rf8
28. Qg4 Rh5 29. Rbc1 Kh6 30. Rc8 Bc6 31. Rc7 f5 32. exf6 Rxf6 33. Bd4 e5 34.
Bxe5 Rxe5 35. Qh4+ Nxh4 0-1

[Event "Nakamura-Wirig m"]
[Site "Playchess.com INT"]
[Date "2005.06.10"]
[Round "?"]
[White "Wirig, Anthony"]
[Black "Nakamura, Hikaru"]
[Result "0-1"]
[WhiteElo "2409"]
[BlackElo "2657"]
[PlyCount "88"]
[EventDate "2005.06.10"]
[EventType "match (blitz)"]
[EventRounds "11"]
[EventCountry "GER"]
[SourceTitle "EXT 2008"]
[Source "ChessBase"]
[SourceDate "2007.11.25"]
[SourceVersion "1"]
[SourceVersionDate "2007.11.25"]
[SourceQuality "1"]

1. e4 c5 2. Nf3 d6 3. Bb5+ Nc6 4. c3 Nf6 5. Qe2 Bd7 6. d4 cxd4 7. cxd4 e5 8.
Bxc6 Bxc6 9. Nc3 Qc7 10. Bg5 Be7 11. Bxf6 Bxf6 12. dxe5 dxe5 13. O-O O-O 14.
Rfd1 Rfd8 15. Nd5 Bxd5 16. Rxd5 Rxd5 17. exd5 Qd6 18. Rd1 Rc8 19. Qe4 g6 20. a3
Bg7 21. Qa4 a6 22. g3 h6 23. Qb3 b5 24. Nd2 f5 25. Nb1 e4 26. Nd2 h5 27. Nf1 h4
28. a4 Rb8 29. Ne3 f4 30. gxf4 h3 31. Ng4 bxa4 32. Qxh3 Rxb2 33. Ne5 Rb8 34.
Nc6 Re8 35. Qg4 a3 36. Qe2 Bb2 37. Qc4 Kg7 38. Qxa6 Qxf4 39. Qb7+ Kh6 40. Kf1
Rf8 41. Qb6 e3 42. Ke2 Qf3+ 43. Kd3 Qxd1+ 44. Kxe3 Re8+ 0-1

[Event "Nakamura-Wirig m"]
[Site "Playchess.com INT"]
[Date "2005.06.10"]
[Round "?"]
[White "Wirig, Anthony"]
[Black "Nakamura, Hikaru"]
[Result "0-1"]
[WhiteElo "2409"]
[BlackElo "2657"]
[PlyCount "52"]
[EventDate "2005.06.10"]
[EventType "match (blitz)"]
[EventRounds "11"]
[EventCountry "GER"]
[SourceTitle "EXT 2008"]
[Source "ChessBase"]
[SourceDate "2007.11.25"]
[SourceVersion "1"]
[SourceVersionDate "2007.11.25"]
[SourceQuality "1"]

1. e3 g6 2. c4 Bg7 3. Nc3 e6 4. g3 Ne7 5. Bg2 O-O 6. Nge2 d6 7. O-O Nd7 8. d4
c6 9. b4 b6 10. a4 a6 11. a5 d5 12. axb6 Qxb6 13. c5 Qc7 14. Bd2 e5 15. Ra3 Bb7
16. Qc2 Nf5 17. dxe5 Nxe5 18. Nf4 Nc4 19. Ra2 d4 20. exd4 Nxd4 21. Qd3 Ne5 22.
Qb1 a5 23. bxa5 Ba6 24. Re1 Nef3+ 25. Kh1 Rab8 26. Qc1 Nb3 0-1

[Event "Nakamura-Wirig m"]
[Site "Playchess.com INT"]
[Date "2005.06.10"]
[Round "?"]
[White "Wirig, Anthony"]
[Black "Nakamura, Hikaru"]
[Result "1-0"]
[WhiteElo "2409"]
[BlackElo "2657"]
[PlyCount "47"]
[EventDate "2005.06.10"]
[EventType "match (blitz)"]
[EventRounds "11"]
[EventCountry "GER"]
[SourceTitle "EXT 2008"]
[Source "ChessBase"]
[SourceDate "2007.11.25"]
[SourceVersion "1"]
[SourceVersionDate "2007.11.25"]
[SourceQuality "1"]

1. d4 g6 2. e4 Bg7 3. Nc3 e6 4. h4 Ne7 5. h5 Rg8 6. hxg6 hxg6 7. Bg5 d6 8. Qf3
a6 9. Rh7 Nbc6 10. O-O-O Qd7 11. Bf6 Bf8 12. d5 Nd8 13. e5 exd5 14. Bxe7 Bxe7
15. Nxd5 Bg5+ 16. Kb1 Kf8 17. Nh3 Ne6 18. Bc4 Rg7 19. Nxg5 Nxg5 20. Rh8+ Rg8
21. Qf6 Ne4 22. Rxg8+ Kxg8 23. Ne7+ Kf8 24. Nxg6+ 1-0

[Event "Nakamura-Wirig m"]
[Site "Playchess.com INT"]
[Date "2005.06.10"]
[Round "?"]
[White "Wirig, Anthony"]
[Black "Nakamura, Hikaru"]
[Result "0-1"]
[WhiteElo "2409"]
[BlackElo "2657"]
[PlyCount "108"]
[EventDate "2005.06.10"]
[EventType "match (blitz)"]
[EventRounds "11"]
[EventCountry "GER"]
[SourceTitle "EXT 2008"]
[Source "ChessBase"]
[SourceDate "2007.11.25"]
[SourceVersion "1"]
[SourceVersionDate "2007.11.25"]
[SourceQuality "1"]

1. e4 d5 2. exd5 Qxd5 3. Nc3 Qa5 4. d4 Nf6 5. Bd2 Bg4 6. Be2 h5 7. h3 Bxe2 8.
Qxe2 e6 9. Nf3 Bb4 10. a3 Nc6 11. Nb1 O-O-O 12. c3 Bd6 13. O-O Qf5 14. Bg5 e5
15. Bxf6 gxf6 16. d5 Ne7 17. c4 Ng6 18. Nbd2 Nf4 19. Qe4 Qd7 20. Nh4 Rdg8 21.
g3 Bc5 22. Nf5 Nxh3+ 23. Kh2 Ng5 24. Qc2 h4 25. g4 e4 26. Nxe4 Nf3+ 27. Kh1
Rxg4 28. Nxf6 Rxc4 29. Qxc4 Qxf5 30. Qg4 Qxg4 31. Nxg4 h3 32. Rac1 Bd4 33. b3
Rg8 34. Nh2 Nh4 35. Rc4 Nf5 36. Nf3 Bb6 37. Rf4 Nd6 38. Kh2 c6 39. dxc6 bxc6
40. Kxh3 f5 41. Rg1 Re8 42. Rg7 Bxf2 43. Kg2 Be3 44. Ra4 Bb6 45. Nd4 c5 46. Nc6
Nb5 47. Ne7+ Kd7 48. Nxf5+ Ke6 49. Ng3 Kf6 50. Re4 Rxe4 51. Nxe4+ Kxg7 52. b4
c4 53. Nd2 Nxa3 54. Nxc4 Nxc4 0-1

[Event "Champions Challenge 98th"]
[Site "Playchess.com INT"]
[Date "2005.06.11"]
[Round "3.2"]
[White "Jovanovic, Zoran"]
[Black "Nakamura, Hikaru"]
[Result "0-1"]
[WhiteElo "2389"]
[BlackElo "2657"]
[PlyCount "134"]
[EventDate "2005.06.11"]
[EventType "k.o. (blitz)"]
[EventRounds "5"]
[EventCountry "GER"]
[SourceTitle "EXT 2007"]
[Source "ChessBase"]
[SourceDate "2006.11.23"]
[SourceVersion "1"]
[SourceVersionDate "2006.11.23"]
[SourceQuality "1"]

1. e4 e5 2. Nf3 Nc6 3. Bb5 Nf6 4. Qe2 d6 5. c3 Bd7 6. O-O g6 7. Rd1 Bg7 8. d4
Qe7 9. Bg5 h6 10. Bh4 O-O 11. d5 Nb8 12. Bxd7 Nbxd7 13. c4 g5 14. Bg3 Nxe4 15.
Qxe4 f5 16. Qe2 f4 17. Nc3 e4 18. Qxe4 Qxe4 19. Nxe4 Rae8 20. Nfd2 fxg3 21.
hxg3 Bxb2 22. Rab1 Bd4 23. Rxb7 Bb6 24. a4 a5 25. Kh2 Ne5 26. f3 g4 27. Nxd6
gxf3 28. gxf3 Nxf3+ 29. Nxf3 Re2+ 30. Kh3 Rxf3 31. Rb8+ Kh7 32. Kg4 Rf6 33. Ne8
Rf8 34. d6 Rexe8 35. Rxe8 Rxe8 36. d7 Rd8 37. Kf5 c6 38. Ke6 Bc5 39. Rb1 Bb4
40. c5 Bxc5 41. Rc1 Bf2 42. g4 Rg8 43. Rxc6 Bh4 44. Rc7 Kg6 45. Rc5 Bd8 46. Rf5
Kg7 47. Rf7+ Kh8 48. Rf5 Rg6+ 49. Kf7 Rxg4 50. Re5 Rg7+ 51. Ke8 Rg8+ 52. Kf7
Kh7 53. Re8 Rg7+ 54. Ke6 Rg6+ 55. Kf5 Rg8 56. Re4 h5 57. Ke6 h4 58. Kf7 Rg6 59.
Re3 Bg5 60. Re5 Rg7+ 61. Ke8 Kh6 62. Re4 h3 63. Re3 Bxe3 64. d8=Q Rg8+ 65. Kf7
Rxd8 66. Ke6 h2 67. Kf5 h1=Q 0-1

[Event "Champions Challenge 98th"]
[Site "Playchess.com INT"]
[Date "2005.06.11"]
[Round "4.1"]
[White "Nakamura, Hikaru"]
[Black "Lysyj, Igor"]
[Result "0-1"]
[WhiteElo "2657"]
[BlackElo "2498"]
[PlyCount "76"]
[EventDate "2005.06.11"]
[EventType "k.o. (blitz)"]
[EventRounds "5"]
[EventCountry "GER"]
[SourceTitle "EXT 2007"]
[Source "ChessBase"]
[SourceDate "2006.11.23"]
[SourceVersion "1"]
[SourceVersionDate "2006.11.23"]
[SourceQuality "1"]

1. e4 e6 2. d4 d5 3. e5 c5 4. c3 Nc6 5. Nf3 Bd7 6. Bd3 Rc8 7. O-O cxd4 8. cxd4
Nb4 9. Nc3 Nxd3 10. Qxd3 Ne7 11. Bg5 Qb6 12. Bxe7 Bxe7 13. Rab1 O-O 14. Rfc1
Rc4 15. Nd1 Rfc8 16. Rxc4 dxc4 17. Qe2 c3 18. Rc1 cxb2 19. Rxc8+ Bxc8 20. Nxb2
Bd7 21. h3 Bc6 22. Nc4 Qb1+ 23. Kh2 h6 24. Nd6 Bd5 25. a4 Qb3 26. a5 Qa4 27.
Qd2 Qc6 28. Qf4 f5 29. Ne1 Qc3 30. Qe3 Qxe3 31. fxe3 Bd8 32. Nd3 Bxa5 33. Nf4
Bb4 34. Nxf5 a5 35. Ng3 a4 36. Nd3 Bd2 37. e4 Bc4 38. Nb2 Bb3 0-1

[Event "Champions Challenge 98th"]
[Site "Playchess.com INT"]
[Date "2005.06.11"]
[Round "4.2"]
[White "Lysyj, Igor"]
[Black "Nakamura, Hikaru"]
[Result "0-1"]
[WhiteElo "2498"]
[BlackElo "2657"]
[PlyCount "88"]
[EventDate "2005.06.11"]
[EventType "k.o. (blitz)"]
[EventRounds "5"]
[EventCountry "GER"]
[SourceTitle "EXT 2007"]
[Source "ChessBase"]
[SourceDate "2006.11.23"]
[SourceVersion "1"]
[SourceVersionDate "2006.11.23"]
[SourceQuality "1"]

1. d4 Nf6 2. Nf3 e6 3. c4 Nc6 4. Nc3 Bb4 5. Bd2 d6 6. g3 Qe7 7. Bg2 O-O 8. O-O
Bxc3 9. Bxc3 a5 10. Rc1 e5 11. d5 Nb8 12. c5 Ne4 13. cxd6 cxd6 14. Nd2 Nxd2 15.
Qxd2 b6 16. b4 a4 17. a3 Ba6 18. Bb2 Bb5 19. Rc3 Na6 20. Rfc1 Qd7 21. f4 f6 22.
e4 Rac8 23. h3 Rxc3 24. Qxc3 Qb7 25. f5 Bd7 26. Bf1 Rc8 27. Qe3 Rxc1 28. Qxc1
Nc7 29. g4 Bb5 30. Bxb5 Nxb5 31. Qc4 Na7 32. b5 Qc8 33. Qxa4 Qc5+ 34. Kf1 h6
35. Qb4 Qe3 36. Kg2 Qe2+ 37. Kg3 Nxb5 38. a4 Qe3+ 39. Kg2 Nd4 40. Bxd4 Qxe4+
41. Kf2 exd4 42. Qxd6 Qe3+ 43. Kg2 d3 44. Qd8+ Kh7 0-1

[Event "Champions Challenge 98th"]
[Site "Playchess.com INT"]
[Date "2005.06.11"]
[Round "4.3"]
[White "Nakamura, Hikaru"]
[Black "Lysyj, Igor"]
[Result "1/2-1/2"]
[WhiteElo "2657"]
[BlackElo "2498"]
[PlyCount "77"]
[EventDate "2005.06.11"]
[EventType "k.o. (blitz)"]
[EventRounds "5"]
[EventCountry "GER"]
[SourceTitle "EXT 2007"]
[Source "ChessBase"]
[SourceDate "2006.11.23"]
[SourceVersion "1"]
[SourceVersionDate "2006.11.23"]
[SourceQuality "1"]

1. c4 e6 2. Nc3 b6 3. a3 Bb7 4. d4 f5 5. d5 Nf6 6. g3 Na6 7. Bg2 Nc5 8. Nh3 Be7
9. O-O O-O 10. Nf4 a5 11. Be3 Qc8 12. Bxc5 Bxc5 13. dxe6 Bxg2 14. exd7 Qxd7 15.
Qxd7 Nxd7 16. Kxg2 Ne5 17. Ne6 Rf7 18. Rac1 Nxc4 19. Nxc5 bxc5 20. Na4 Nd2 21.
Rfd1 Nb3 22. Rc3 Rb8 23. Nxc5 Nxc5 24. Rxc5 Rxb2 25. Rd8+ Rf8 26. Rxf8+ Kxf8
27. Rxf5+ Ke7 28. e3 Kd6 29. Rxa5 c5 30. Kf3 c4 31. e4 c3 32. Ra8 Kc5 33. Ke3
Kc4 34. e5 Rb1 35. Rc8+ Kb3 36. Rb8+ Ka2 37. Rc8 Kb2 38. Rb8+ Ka2 39. Rc8
1/2-1/2

[Event "Champions Challenge 98th"]
[Site "Playchess.com INT"]
[Date "2005.06.11"]
[Round "4.4"]
[White "Lysyj, Igor"]
[Black "Nakamura, Hikaru"]
[Result "0-1"]
[WhiteElo "2498"]
[BlackElo "2657"]
[PlyCount "90"]
[EventDate "2005.06.11"]
[EventType "k.o. (blitz)"]
[EventRounds "5"]
[EventCountry "GER"]
[SourceTitle "EXT 2007"]
[Source "ChessBase"]
[SourceDate "2006.11.23"]
[SourceVersion "1"]
[SourceVersionDate "2006.11.23"]
[SourceQuality "1"]

1. Nf3 Nf6 2. c4 e6 3. g3 g6 4. b3 Bg7 5. Bb2 O-O 6. Bg2 d6 7. d4 Nc6 8. O-O
Ne7 9. Nc3 b6 10. e4 Bb7 11. Qc2 Nd7 12. d5 e5 13. b4 h6 14. Nd2 a5 15. a3 f5
16. f4 fxe4 17. Ncxe4 Nf5 18. Qd3 axb4 19. axb4 Rxa1 20. Bxa1 exf4 21. Bxg7
Kxg7 22. Qc3+ Kh7 23. gxf4 Qe7 24. Ng3 Nh4 25. Be4 Nf6 26. Bc2 Re8 27. Nde4
Nxe4 28. Nxe4 Rf8 29. Ng3 Bc8 30. Be4 Bh3 31. Rf2 Re8 32. Qd3 Qf6 33. Nf1 Bf5
34. Ng3 Bxe4 35. Nxe4 Qf5 36. Re2 Rf8 37. Rf2 Re8 38. Re2 Ra8 39. Qc3 Rf8 40.
Ng3 Qxf4 41. Re7+ Rf7 42. Rxf7+ Qxf7 43. Qd3 Nf3+ 44. Kh1 Ne5 45. Qe4 Qf2 0-1

[Event "Champions Challenge 98th"]
[Site "Playchess.com INT"]
[Date "2005.06.11"]
[Round "5.1"]
[White "Nakamura, Hikaru"]
[Black "Popovic, Dusan"]
[Result "1-0"]
[WhiteElo "2657"]
[BlackElo "2471"]
[PlyCount "103"]
[EventDate "2005.06.11"]
[EventType "k.o. (blitz)"]
[EventRounds "5"]
[EventCountry "GER"]
[SourceTitle "EXT 2007"]
[Source "ChessBase"]
[SourceDate "2006.11.23"]
[SourceVersion "1"]
[SourceVersionDate "2006.11.23"]
[SourceQuality "1"]

1. e4 e5 2. Nf3 d6 3. d4 exd4 4. Nxd4 Nf6 5. Nc3 Be7 6. g4 Bxg4 7. Be2 Be6 8.
Rg1 g6 9. Bh6 Nc6 10. Nxc6 bxc6 11. Qd2 Nd7 12. O-O-O Qb8 13. f4 Qb4 14. f5 Rb8
15. b3 Bf6 16. Rg3 gxf5 17. exf5 Bxf5 18. Rf1 Bxc3 19. Rxc3 Be6 20. Bg7 Rg8 21.
Qh6 Ne5 22. Re3 Qd4 23. c3 Nd3+ 24. Bxd3 Qxg7 25. Qh5 Qxc3+ 26. Kb1 Kd8 27.
Qh4+ Ke8 28. Qxh7 Qg7 29. Qh5 Kd7 30. Bf5 Bxf5+ 31. Qxf5+ Kd8 32. Qxf7 Qxf7 33.
Rxf7 Re8 34. Rxe8+ Kxe8 35. Rxc7 Rb5 36. Rxc6 Rh5 37. Ra6 Rxh2 38. Rxa7 Kd8 39.
a4 Kc8 40. Re7 Kb8 41. Rd7 Rh3 42. Kb2 Rd3 43. Ka3 Rd5 44. Kb4 Kc8 45. Rh7 Rd4+
46. Ka5 Rd3 47. b4 Rd4 48. b5 Rc4 49. b6 Kb8 50. Kb5 Rd4 51. a5 Rh4 52. Rxh4
1-0

[Event "Champions Challenge 98th"]
[Site "Playchess.com INT"]
[Date "2005.06.11"]
[Round "5.2"]
[White "Popovic, Dusan"]
[Black "Nakamura, Hikaru"]
[Result "1/2-1/2"]
[WhiteElo "2471"]
[BlackElo "2657"]
[PlyCount "65"]
[EventDate "2005.06.11"]
[EventType "k.o. (blitz)"]
[EventRounds "5"]
[EventCountry "GER"]
[SourceTitle "EXT 2007"]
[Source "ChessBase"]
[SourceDate "2006.11.23"]
[SourceVersion "1"]
[SourceVersionDate "2006.11.23"]
[SourceQuality "1"]

1. e4 e5 2. Nf3 Nc6 3. Bb5 Nf6 4. d3 Bc5 5. O-O d6 6. Be3 Bb6 7. Nbd2 O-O 8.
Nc4 h6 9. a4 Ne7 10. a5 Bxe3 11. Nxe3 a6 12. Bc4 Be6 13. c3 Qd7 14. Qb3 Ng6 15.
Nd5 Bxd5 16. Bxd5 Nf4 17. h3 c6 18. Bc4 d5 19. exd5 cxd5 20. Nxe5 dxc4 21. Nxd7
cxb3 22. Nxf8 Kxf8 23. d4 Ne4 24. Rfd1 Nxc3 25. bxc3 b2 26. Rab1 Ne2+ 27. Kf1
Nxc3 28. Re1 Nxb1 29. Rxb1 Rd8 30. Rxb2 Rxd4 31. Rxb7 Ra4 32. Rb8+ Ke7 33. Rb7+
1/2-1/2

[Event "Champions Challenge 98th"]
[Site "Playchess.com INT"]
[Date "2005.06.11"]
[Round "5.3"]
[White "Nakamura, Hikaru"]
[Black "Popovic, Dusan"]
[Result "1/2-1/2"]
[WhiteElo "2657"]
[BlackElo "2471"]
[PlyCount "76"]
[EventDate "2005.06.11"]
[EventType "k.o. (blitz)"]
[EventRounds "5"]
[EventCountry "GER"]
[SourceTitle "EXT 2007"]
[Source "ChessBase"]
[SourceDate "2006.11.23"]
[SourceVersion "1"]
[SourceVersionDate "2006.11.23"]
[SourceQuality "1"]

1. e4 c5 2. Nf3 d6 3. d4 cxd4 4. Nxd4 Nf6 5. Nc3 a6 6. f3 e5 7. Nb3 Be6 8. Be3
Be7 9. Qd2 O-O 10. O-O-O Nbd7 11. g4 b5 12. g5 b4 13. Ne2 Ne8 14. Kb1 a5 15. f4
a4 16. Nbc1 exf4 17. Nxf4 Bxg5 18. Rg1 Bf6 19. Nh5 Kh8 20. Bd3 Be5 21. Rdf1 b3
22. cxb3 axb3 23. a3 Nc5 24. Ne2 Qa5 25. Qxa5 Rxa5 26. Bxc5 dxc5 27. Nhf4 Bc8
28. Nc1 Bxf4 29. Rxf4 Be6 30. e5 Nc7 31. Rg3 Rb8 32. Bf5 Nd5 33. Rf2 c4 34.
Bxe6 fxe6 35. Rf7 c3 36. bxc3 b2 37. Na2 Rxa3 38. Rgxg7 Rxa2 1/2-1/2

[Event "Champions Challenge 98th"]
[Site "Playchess.com INT"]
[Date "2005.06.11"]
[Round "5.4"]
[White "Popovic, Dusan"]
[Black "Nakamura, Hikaru"]
[Result "1-0"]
[WhiteElo "2471"]
[BlackElo "2657"]
[PlyCount "71"]
[EventDate "2005.06.11"]
[EventType "k.o. (blitz)"]
[EventRounds "5"]
[EventCountry "GER"]
[SourceTitle "EXT 2007"]
[Source "ChessBase"]
[SourceDate "2006.11.23"]
[SourceVersion "1"]
[SourceVersionDate "2006.11.23"]
[SourceQuality "1"]

1. e4 e5 2. Nf3 Nc6 3. Bc4 Bc5 4. c3 Nf6 5. d3 d6 6. O-O O-O 7. Nbd2 Be6 8. h3
h6 9. b4 Bb6 10. a4 a6 11. a5 Ba7 12. Re1 Qd7 13. Nf1 Ne7 14. Ng3 Ng6 15. Be3
Bxh3 16. gxh3 Qxh3 17. d4 exd4 18. cxd4 Rae8 19. Bf1 Qd7 20. Qc2 Qg4 21. Bg2 c6
22. Nh2 Qd7 23. f4 Nh4 24. Rad1 Bb8 25. Qf2 Re7 26. e5 Ng4 27. Nxg4 Qxg4 28.
Nf1 f6 29. Nh2 Qh5 30. exd6 Bxd6 31. Bd2 Rfe8 32. Rxe7 Rxe7 33. Re1 Rxe1+ 34.
Bxe1 Nxg2 35. Kxg2 Qg4+ 36. Nxg4 1-0

[Event "Champions Challenge 98th"]
[Site "Playchess.com INT"]
[Date "2005.06.11"]
[Round "5.5"]
[White "Nakamura, Hikaru"]
[Black "Popovic, Dusan"]
[Result "1-0"]
[WhiteElo "2657"]
[BlackElo "2471"]
[PlyCount "75"]
[EventDate "2005.06.11"]
[EventType "k.o. (blitz)"]
[EventRounds "5"]
[EventCountry "GER"]
[SourceTitle "EXT 2007"]
[Source "ChessBase"]
[SourceDate "2006.11.23"]
[SourceVersion "1"]
[SourceVersionDate "2006.11.23"]
[SourceQuality "1"]

1. e4 c5 2. Nc3 d6 3. f4 g6 4. d4 cxd4 5. Qxd4 Nf6 6. e5 Nc6 7. Bb5 Nh5 8. Be3
Bg7 9. Qd1 f5 10. Be2 dxe5 11. Bxh5 gxh5 12. Qxh5+ Kf8 13. fxe5 Nxe5 14. Nf3
Qe8 15. Qh4 Qg6 16. Nd5 Nxf3+ 17. gxf3 Bf6 18. Nxf6 Qxf6 19. Qa4 Kf7 20. O-O-O
Be6 21. Rhe1 b5 22. Qf4 Rhc8 23. Bd4 Rc4 24. Qe3 f4 25. Qe2 Qf5 26. c3 Rac8 27.
Qg2 Qg6 28. Qd2 b4 29. Qxf4+ Qf5 30. Qxf5+ Bxf5 31. b3 R4c6 32. c4 a5 33. Re5
e6 34. Rxa5 Rg8 35. Ra7+ Kf8 36. Bc5+ Ke8 37. Re7+ Kf8 38. Rd8# 1-0